| 000 | 00494nam a22001577a 4500 | ||
|---|---|---|---|
| 005 | 20251108171814.0 | ||
| 008 | 250721s9999 xx 000 0 ara d | ||
| 082 | 1 | 4 | _aط/537/كهر |
| 245 | 1 | 0 | _aالكهرباء / |
| 264 | 1 |
_aدمشق : _bدار المؤيد، _c[19-]. |
|
| 300 | _a40ص | ||
| 490 | 0 | _aالموسوعة العربية المبسطة للمعارف و العلوم : البطريق يتحدث عن ؛ 6 | |
| 650 | 1 | 7 | _aالكهرباء |
| 942 |
_2ddc _cBK |
||
| 999 |
_c63030 _d63030 |
||